000 00607nam a2200121Ia 4500
008 220620s9999||||xx |||||||||||||| ||und||
245 0 _aSpaces of the Poor
_bPerspectives of Cultural Sciences on Urban Slum Areas and Their Inhabitants
546 _aEnglish[eng]
650 _aSociology||History||Slum||Poverty||Space||Culture||Urbanity||Social Inequality||Urban Studies||Social History||Sociology||Moscow
700 _aPetersen, Hans-Christian
856 _uhttps://library.oapen.org/bitstream/20.500.12657/31457/1/627789.pdf||https://library.oapen.org/bitstream/20.500.12657/31457/1/627789.pdf
942 _cEB
999 _c25048
_d25048